| 000 | 00727nam a22002177a 4500 | ||
|---|---|---|---|
| 003 | OSt | ||
| 005 | 20251121114137.0 | ||
| 008 | 251121b |||||||| |||| 00| 0 eng d | ||
| 020 | _a1-85675-110-4 | ||
| 040 |
_aDWC-Main lib _cOC |
||
| 082 | _aGR. 306.01 M996 1990 | ||
| 100 | _aMyers, N. | ||
| 245 |
_aThe GAIA atlas of future worlds : _b challenge and opportunity in an age of change _cMyers, Norman |
||
| 260 |
_aGreat Britain : _bs.n., _c c1990 |
||
| 300 |
_a190 pages : _b colored illustration : _c24 cm. |
||
| 504 | _aIncludes index | ||
| 650 | _2Economic forecasting | ||
| 650 | _2Environmental policy | ||
| 650 | _2Human ecology | ||
| 942 |
_2ddc _cGR _hGR. 306.01 M996 1990 _kGR. _n0 |
||
| 999 |
_c5986 _d5986 |
||